|
|
|
|
| LEADER |
01622nam a22003255i 4500 |
| 001 |
34773 |
| 003 |
BD-DhAAL |
| 005 |
20190715131856.0 |
| 008 |
190715t2016 inua 001 0 eng |
| 999 |
|
|
|c 40885
|d 40885
|
| 010 |
|
|
|a 2015958736
|
| 020 |
|
|
|a 9781482854404 (softcover : alk. paper)
|
| 020 |
|
|
|a 9781482854398
|
| 040 |
|
|
|a DLC
|b eng
|e rda
|c DLC
|d BD-DhAAL
|
| 042 |
|
|
|a pcc
|
| 082 |
|
|
|a 808.027
|2 21
|
| 100 |
|
|
|a Islam, Manzurul
|9 32906
|
| 245 |
0 |
2 |
|a A manual of style and standards in academic writing, editing and publishing /
|c Manzurul Islam.
|
| 260 |
|
|
|a Bloomington, IN ;
|a Dhaka :
|b PartridgeSingapore,
|c c2016
|
| 300 |
|
|
|a 234 pages ;
|b illustrations :
|c 22 cm.
|
| 500 |
|
|
|a Includes Index.
"A manual of style and standards and the role of publishing, specially in the context of universities and research organizations in Bangladesh, South Asia and similar other non-English speaking regions."--Page 1, the author.
|
| 526 |
|
|
|a AAL
|
| 541 |
|
|
|a Dhruba Kanta Kundu
|e 34773, 34774
|
| 650 |
|
|
|a Authorship
|x Style manuals.
|9 32907
|
| 650 |
|
|
|a Report writing.
|9 32908
|
| 650 |
|
|
|a English language
|x Usage.
|9 32909
|
| 852 |
|
|
|a Ayesha Abed Library
|c General Stacks
|
| 942 |
|
|
|2 ddc
|c BK
|
| 952 |
|
|
|0 0
|1 0
|2 ddc
|4 0
|6 808_027000000000000_ISL
|7 0
|9 65616
|a BRACUL
|b BRACUL
|c GEN
|d 2019-07-11
|e Dhruba Kanta Kunda
|g 1400.00
|l 2
|m 28
|o 808.027 ISL
|p 3010034773
|r 2025-10-15
|s 2025-09-21
|t 1
|v 1400.00
|w 2019-07-11
|y BK
|
| 952 |
|
|
|0 0
|1 0
|2 ddc
|4 0
|6 808_027000000000000_ISL
|7 0
|9 65617
|a BRACUL
|b BRACUL
|c GEN
|d 2019-07-11
|e Dhruba Kanta Kunda Publisher
|g 1400.00
|l 1
|o 808.027 ISL
|p 3010034774
|r 2025-02-19
|s 2025-02-17
|t 2
|v 1400.00
|w 2019-07-11
|y BK
|